| 000 | 00651cab a2200241 4500 | ||
|---|---|---|---|
| 001 | WB3209-19 | ||
| 008 | 090401t1996 xxu||||| |||| 00| 0 eng d | ||
| 035 | _a(Sirsi) u40220 | ||
| 041 | _aeng | ||
| 245 | _aNI still in business | ||
| 260 | _c1996 | ||
| 350 | _a0 | ||
| 490 |
_aScotsman _v29 February 1996, 27(1) |
||
| 520 | _aConsiders the effect the end of the ceasefire will have on inward investment in Northern Ireland. | ||
| 650 | _aINWARD INVESTMENT | ||
| 650 | _aIRA CEASEFIRE | ||
| 650 | _aNORTHERN IRELAND | ||
| 650 | _aSAINSBURY | ||
| 650 | _aTERRORISM | ||
| 690 | _aECONOMIC AND SOCIAL | ||
| 942 | _n0 | ||
| 948 | _c04/03/1997 | ||
| 999 |
_c25767 _d25767 |
||